[Event "DEM U16w 2003"]
[Site "Willingen GER"]
[Date "2003.06.13"]
[Round "8"]
[White "Schmidt, Jade"]
[Black "Butschek, Tanja"]
[Result "0-1"]
[Termination "normal"]
[Board "10"]
[WhiteElo "1519"]
[BlackElo "1680"]
[PlyCount "146"]
[BlackFideId "24604640"]
[EventCountry "GER"]
[EventRounds "9"]
[EventType "swiss"]
[EventDate "2003.06.07"]

1. d4 d5 2. c4 e6 3. Nc3 Nf6 4. Bg5 Nbd7 5. cxd5 exd5 6. e3 Be7 7. Bd3 O-O 8.
Qc2 c6 9. Nf3 Re8 10. O-O Nf8 11. Rfc1 Ne4 12. Bxe7 Qxe7 13. Rab1 Ng6 14. b4
Nh4 15. Nxh4 Qxh4 16. Nxe4 dxe4 17. Bc4 Qg5 18. Kh1 h5 19. b5 Bd7 20. bxc6 Bxc6
21. Qb3 Re7 22. Bb5 Bd5 23. Bc4 Rd8 24. Bxd5 Rxd5 25. Qb4 b6 26. Rc6 h4 27. h3
Rf5 28. Kg1 Rd7 29. a4 Qh5 30. Kf1 Rdd5 31. Rbc1 Kh7 32. Qe7 Ra5 33. Qb4 Qg5
34. R1c2 Qxe3 35. R6c3 Qf4 36. Kg1 Rf6 37. Re3 Rg5 38. Qe7 Rfg6 39. Qxe4 Qxe4
40. Rxe4 Rxg2+ 41. Kf1 Rg1+ 42. Ke2 Rh6 43. Rc7 f5 44. Rf4 Rh1 45. d5 Rxh3 46.
Rd4 Rd6 47. Rxa7 Kg6 48. Rc7 Kf6 49. Rc6 Ke5 50. Rxd6 Kxd6 51. Rf4 g6 52. Rd4
g5 53. Rb4 Ra3 54. Rxb6+ Kxd5 55. Rb5+ Ke6 56. Rb6+ Kf7 57. Rb5 Kg6 58. a5 h3
59. Rb6+ Kh5 60. a6 Kg4 61. Rf6 f4 62. Rh6 Ra2+ 63. Ke1 Ra3 64. Ke2 Kf5 65. a7
g4 66. Rh7 Kg6 67. Rh4 f3+ 68. Kd2 Ra2+ 69. Ke3 Kg5 70. Rh7 h2 71. Rxh2 Rxa7
72. Rh8 Re7+ 73. Kd2 Re2+ 0-1

[Event "DEM U16w 2003"]
[Site "Willingen GER"]
[Date "2003.06.13"]
[Round "8"]
[White "Stemmler, Lysan"]
[Black "Kaplun, Viktoria"]
[Result "1/2-1/2"]
[Termination "normal"]
[Board "11"]
[WhiteElo "1445"]
[BlackElo "1502"]
[PlyCount "130"]
[WhiteFideId "24622451"]
[BlackFideId "24621676"]
[EventCountry "GER"]
[EventRounds "9"]
[EventType "swiss"]
[EventDate "2003.06.07"]

1. e4 e6 2. d4 d5 3. Nc3 Bb4 4. e5 b6 5. a3 Bf8 6. Nf3 Ba6 7. Bxa6 Nxa6 8. Qd3
Nb8 9. Bg5 Qd7 10. Nd2 c5 11. dxc5 bxc5 12. Rd1 Nc6 13. f4 Rb8 14. b3 Nge7 15.
O-O h5 16. Na4 Nf5 17. Ne4 a5 18. Kh1 Qa7 19. Ng3 Ncd4 20. Nxf5 Nxf5 21. Rfe1
Qb7 22. Nc3 Qc6 23. Ne4 h4 24. Nd6+ Bxd6 25. exd6 Kd7 26. Be7 Nxd6 27. Bxd6
Qxd6 28. Qc3 f6 29. Qxa5 Ra8 30. Qb5+ Ke7 31. Qb7+ Qd7 32. Qxd5 Qxd5 33. Rxd5
c4 34. a4 cxb3 35. cxb3 Rhb8 36. Rd3 Rb4 37. g3 hxg3 38. hxg3 Rab8 39. Ree3 Rc8
40. Rc3 Rxc3 41. Rxc3 Kd6 42. Rd3+ Kc6 43. Kg2 f5 44. Kf3 Kc5 45. Ke3 Re4+ 46.
Kd2 e5 47. Rc3+ Kb4 48. fxe5 Rxe5 49. Re3 Rc5 50. Rd3 Ka5 51. Ke3 g5 52. Kd4
Rc8 53. Rf3 Rf8 54. Ke5 Kb4 55. Rxf5 Re8+ 56. Kf6 Kxb3 57. a5 g4 58. Kg5 Re4
59. a6 Ra4 60. Rf6 Kc3 61. Rd6 Kc4 62. Kf6 Kc5 63. Ke7 Ra3 64. Kd7 Rxg3 65. Kc7
Ra3 1/2-1/2

[Event "DEM U16w 2003"]
[Site "Willingen GER"]
[Date "2003.06.13"]
[Round "8"]
[White "Mersmann, Maren"]
[Black "Janiesch, Maike"]
[Result "1-0"]
[Termination "normal"]
[Board "12"]
[WhiteElo "1669"]
[BlackElo "1529"]
[PlyCount "65"]
[EventCountry "GER"]
[EventRounds "9"]
[EventType "swiss"]
[EventDate "2003.06.07"]

1. e4 e5 2. Nf3 Nc6 3. Bb5 Nf6 4. O-O Bc5 5. c3 O-O 6. d4 Bb6 7. Bg5 h6 8. Bh4
d6 9. a4 a5 10. Re1 Bg4 11. Bxc6 bxc6 12. dxe5 dxe5 13. Qxd8 Raxd8 14. Nxe5 g5
15. Bg3 Nxe4 16. Nxg4 Nxg3 17. hxg3 f5 18. Ne3 f4 19. gxf4 Rxf4 20. Na3 Rd2 21.
Nac4 Rdxf2 22. Nxb6 cxb6 23. b3 Rb2 24. Reb1 Rff2 25. Rxb2 Rxb2 26. Ra3 Re2 27.
Nc4 Rc2 28. Nxb6 Rxc3 29. Nc4 Kf7 30. Nxa5 c5 31. Nc4 Ke7 32. a5 Kd8 33. a6 1-0

[Event "DEM U16w 2003"]
[Site "Willingen GER"]
[Date "2003.06.13"]
[Round "8"]
[White "Henneberg, Olga"]
[Black "Busse, Nadine"]
[Result "0-1"]
[Termination "normal"]
[Board "13"]
[WhiteElo "1520"]
[BlackElo "1586"]
[PlyCount "60"]
[BlackFideId "24632023"]
[EventCountry "GER"]
[EventRounds "9"]
[EventType "swiss"]
[EventDate "2003.06.07"]

1. c4 e6 2. Nc3 d5 3. cxd5 exd5 4. d4 Nf6 5. Bg5 Nbd7 6. e3 Be7 7. Bd3 c6 8.
Nge2 O-O 9. Qc2 Re8 10. O-O Nf8 11. Rab1 a5 12. a3 Ne4 13. Nxe4 dxe4 14. Bxe4
Bxg5 15. Rfd1 Qe7 16. Bf3 Be6 17. Nc3 Rad8 18. Rbc1 Ng6 19. Qa4 Nh4 20. Be2 Nf5
21. Kh1 Qf6 22. Ne4 Qg6 23. Nxg5 Qxg5 24. Rg1 Nh4 25. Rc5 Bd5 26. Bf1 Rd6 27.
Qc2 Rg6 28. f4 Qg4 29. Qf2 Nf5 30. Rc3 Ng3+ 0-1

[Event "DEM U16w 2003"]
[Site "Willingen GER"]
[Date "2003.06.13"]
[Round "8"]
[White "Hammerich, Nadine"]
[Black "Hafner, Katrin"]
[Result "0-1"]
[Termination "normal"]
[Board "14"]
[WhiteElo "1435"]
[BlackElo "1370"]
[PlyCount "56"]
[BlackFideId "24668001"]
[EventCountry "GER"]
[EventRounds "9"]
[EventType "swiss"]
[EventDate "2003.06.07"]

1. d4 d5 2. c4 e6 3. Nc3 Nf6 4. Bg5 Nbd7 5. Nf3 c6 6. e3 Qa5 7. Nd2 Bb4 8. Qc2
O-O 9. Bd3 dxc4 10. Bxh7+ Nxh7 11. Bf4 b5 12. h4 Nhf6 13. h5 Re8 14. O-O-O e5
15. Bg5 exd4 16. exd4 Bxc3 17. bxc3 Bb7 18. f3 Rac8 19. g4 c5 20. dxc5 Rxc5 21.
Bxf6 Nxf6 22. Rh3 Re2 23. Kb1 Qa3 24. g5 Rxg5 25. Nxc4 Rxc2 26. Nxa3 Rxc3 27.
Rd8+ Kh7 28. Kb2 Rxf3 0-1

[Event "DEM U14 2003"]
[Site "Willingen GER"]
[Date "2003.06.08"]
[Round "1"]
[White "Mandery, Markus"]
[Black "Brener, Ilja"]
[Result "0-1"]
[Termination "normal"]
[Board "1"]
[WhiteElo "1829"]
[BlackElo "2168"]
[PlyCount "100"]
[WhiteFideId "24607126"]
[BlackFideId "4688201"]
[EventCountry "GER"]
[EventRounds "9"]
[EventType "swiss"]
[EventDate "2003.06.07"]

1. d4 Nf6 2. c4 e6 3. Nf3 b6 4. g3 Ba6 5. b3 Bb4+ 6. Bd2 Be7 7. Bg2 c6 8. Qc2
d5 9. Ne5 Bb7 10. cxd5 cxd5 11. Nc3 Nc6 12. Nxc6 Bxc6 13. a3 Qd7 14. Qd3 a5 15.
a4 O-O 16. O-O Bb4 17. Rfc1 Ne4 18. Nxe4 dxe4 19. Qe3 Bxd2 20. Qxd2 Bd5 21. b4
f5 22. f4 exf3 23. exf3 f4 24. g4 Qb7 25. Kf2 Qe7 26. b5 Qb4 27. Qd3 Qb2+ 28.
Kg1 Rac8 29. Rcb1 Qc2 30. Qf1 Qd2 31. Rd1 Qe3+ 32. Kh1 Rc2 33. Rd3 Qe2 34. Qxe2
Rxe2 35. Rc1 Ra2 36. Bf1 Rxa4 37. Rdc3 Rxd4 38. Kg2 a4 39. Bd3 e5 40. Bf5 g6
41. Bc2 e4 42. fxe4 Bxe4+ 43. Bxe4 Rxe4 44. Kf3 Rb4 45. Rc7 Rf7 46. Rxf7 Kxf7
47. Rc7+ Kg8 48. g5 Rxb5 49. Kxf4 a3 50. Ra7 Ra5 0-1

[Event "DEM U14 2003"]
[Site "Willingen GER"]
[Date "2003.06.08"]
[Round "1"]
[White "Lieder, Konrad"]
[Black "Völbel, Patrick"]
[Result "1-0"]
[Termination "normal"]
[Board "2"]
[WhiteElo "2123"]
[BlackElo "1815"]
[PlyCount "81"]
[WhiteFideId "4692721"]
[BlackFideId "24622583"]
[EventCountry "GER"]
[EventRounds "9"]
[EventType "swiss"]
[EventDate "2003.06.07"]

1. d4 d5 2. c4 e6 3. Nc3 Nf6 4. Bg5 Nbd7 5. Rc1 Be7 6. Nf3 O-O 7. e3 c6 8. Bd3
a6 9. c5 Re8 10. h4 h6 11. Bf4 Ng4 12. b4 Bf6 13. Bd6 e5 14. Ng5 Bxg5 15. Qxg4
Nxc5 16. Qe2 Nxd3+ 17. Qxd3 Bxe3 18. fxe3 Qxd6 19. O-O e4 20. Qe2 Qg3 21. Rf4
Be6 22. Rcf1 g5 23. Rf6 Qxh4 24. Na4 Re7 25. Nc5 Bg4 26. Qd2 Rd8 27. R1f2 Kg7
28. Qe1 Qg3 29. Rxf7+ Kg8 30. Rxe7 Bf3 31. Ne6 Rd6 32. Kf1 Qh2 33. gxf3 Qh3+
34. Ke2 Rxe6 35. Rxb7 exf3+ 36. Rxf3 Qg4 37. Qg3 Rxe3+ 38. Kxe3 Qe4+ 39. Kf2
Qc2+ 40. Kg1 Qd1+ 41. Kg2 1-0

[Event "DEM U14 2003"]
[Site "Willingen GER"]
[Date "2003.06.08"]
[Round "1"]
[White "Klein, Felix"]
[Black "Figura, Atila Gajo"]
[Result "0-1"]
[Termination "normal"]
[Board "3"]
[WhiteElo "1798"]
[BlackElo "2111"]
[PlyCount "152"]
[WhiteFideId "24600458"]
[BlackFideId "4688058"]
[EventCountry "GER"]
[EventRounds "9"]
[EventType "swiss"]
[EventDate "2003.06.07"]

1. e4 c5 2. Nf3 e6 3. d4 cxd4 4. Nxd4 a6 5. Nc3 Qc7 6. Bd3 Nf6 7. O-O Nc6 8.
Nxc6 dxc6 9. f4 e5 10. Kh1 Bd6 11. f5 b5 12. a4 Rb8 13. Be3 Be7 14. Qf3 Bb7 15.
Nd1 O-O 16. Nf2 Nd7 17. Qg3 Kh8 18. Nh3 f6 19. Ng1 c5 20. c3 c4 21. Bc2 Nc5 22.
Qg4 Rfd8 23. axb5 axb5 24. Nf3 Nd3 25. Bxd3 Rxd3 26. Rae1 Bc5 27. Bc1 Bc6 28.
h4 b4 29. cxb4 Bxb4 30. Rd1 Rbd8 31. Rxd3 cxd3 32. Bd2 Bxd2 33. Nxd2 Qa5 34.
Rd1 Qb6 35. b3 Qd4 36. Rc1 Qe3 37. Rd1 Rd4 38. Rc1 Qxd2 39. Rxc6 Rd8 40. Rc5
Qb4 41. Rc7 Qf8 42. Rc1 d2 43. Rd1 Qb4 44. Qf3 Qd4 45. Kh2 Kg8 46. Qe2 Kf8 47.
Qf3 Rd7 48. Qg4 Qc3 49. Qf3 Rd3 50. Qe2 Rd4 51. Qf3 Qc2 52. Qe2 Qxe4 53. Qxe4
Rxe4 54. Rxd2 Rxh4+ 55. Kg3 Rb4 56. Rb2 Ke7 57. Kh3 e4 58. Kg3 g5 59. Rb1 Kd6
60. Kg4 Ke5 61. Rb2 e3+ 62. Kf3 Kd4 63. g3 Kd3 64. Kg2 g4 65. Kf1 h5 66. Ke1 h4
67. gxh4 g3 68. Kf1 Rxh4 69. Kg1 e2 70. Rb1 Kc2 71. Ra1 Rd4 72. Kg2 Rd1 73.
Ra2+ Kd3 74. Rxe2 Kxe2 75. Kxg3 Rd3+ 76. Kg4 Rxb3 0-1

[Event "DEM U14 2003"]
[Site "Willingen GER"]
[Date "2003.06.08"]
[Round "1"]
[White "Siebarth, Raiko"]
[Black "Billing, Christian"]
[Result "1-0"]
[Termination "normal"]
[Board "4"]
[WhiteElo "2103"]
[BlackElo "1797"]
[PlyCount "143"]
[WhiteFideId "4674766"]
[BlackFideId "4697294"]
[EventCountry "GER"]
[EventRounds "9"]
[EventType "swiss"]
[EventDate "2003.06.07"]

1. e4 c5 2. Nf3 d6 3. d4 cxd4 4. Nxd4 Nf6 5. Nc3 g6 6. Be3 Bg7 7. f3 O-O 8. Qd2
Nc6 9. O-O-O Bd7 10. Kb1 a6 11. g4 b5 12. h4 Ne5 13. h5 Qc8 14. Bh6 Ra7 15.
hxg6 fxg6 16. Bxg7 Kxg7 17. Nd5 Rf7 18. Qh6+ Kg8 19. Nb6 Qc7 20. Nxd7 Qxd7 21.
g5 Nh5 22. Bh3 Qe8 23. Be6 Kh8 24. Rxh5 gxh5 25. Bxf7 Qxf7 26. Rh1 Rc7 27. Qxh5
Qxh5 28. Rxh5 Rc4 29. c3 Ng6 30. Nf5 Rc5 31. Rh2 Kg8 32. Rf2 Re5 33. Nh6+ Kg7
34. Nf5+ Kg8 35. Kc2 d5 36. Kd3 e6 37. Nd4 Nf4+ 38. Ke3 Nh3 39. Rh2 Nxg5 40.
Kf4 Nf7 41. Nc6 Rg5 42. exd5 exd5 43. Rd2 h6 44. Ne7+ Kg7 45. Nf5+ Kf6 46. Rxd5
Rg2 47. Rc5 Nd8 48. Nd4 Rxb2 49. a4 b4 50. Ra5 bxc3 51. Rxa6+ Ke7 52. Ke3 h5
53. Kd3 Rh2 54. Kxc3 h4 55. Rh6 h3 56. Nf5+ Kd7 57. Ne3 Ra2 58. Kb3 Rd2 59. Kc3
Ra2 60. Rxh3 Rxa4 61. Nc4 Ke6 62. Rh5 Nf7 63. Kd4 Rxc4+ 64. Kxc4 Ne5+ 65. Kd4
Nxf3+ 66. Ke4 Nd2+ 67. Ke3 Nc4+ 68. Kd4 Nd2 69. Rh3 Kf6 70. Rd3 Nb1 71. Ke3 Ke5
72. Rb3 1-0

[Event "DEM U14 2003"]
[Site "Willingen GER"]
[Date "2003.06.08"]
[Round "1"]
[White "Sohl, Jan"]
[Black "Baldauf, Marco"]
[Result "0-1"]
[Termination "normal"]
[Board "5"]
[WhiteElo "1766"]
[BlackElo "2093"]
[PlyCount "49"]
[WhiteFideId "4698070"]
[BlackFideId "4688210"]
[EventCountry "GER"]
[EventRounds "9"]
[EventType "swiss"]
[EventDate "2003.06.07"]

1. e4 c5 2. Nf3 e6 3. c4 a6 4. Nc3 Qc7 5. Be2 d6 6. d4 cxd4 7. Nxd4 Nf6 8. O-O
b6 9. Be3 Bb7 10. f3 Nbd7 11. Rc1 Be7 12. Qd2 Rc8 13. b3 O-O 14. Rfd1 Qb8 15.
Nc2 Bd8 16. Kh1 Bc7 17. Bg1 Rfe8 18. Rb1 Ne5 19. Na3 Rcd8 20. Qc1 Ng6 21. Bf1
d5 22. exd5 exd5 23. cxd5 b5 24. Bxb5 Bf4 25. Qb2 0-1

[Event "DEM U14 2003"]
[Site "Willingen GER"]
[Date "2003.06.08"]
[Round "1"]
[White "Beck, Frederik"]
[Black "Tereick, Benjamin"]
[Result "1-0"]
[Termination "normal"]
[Board "6"]
[WhiteElo "2087"]
[BlackElo "1751"]
[PlyCount "67"]
[WhiteFideId "4687388"]
[BlackFideId "24607541"]
[EventCountry "GER"]
[EventRounds "9"]
[EventType "swiss"]
[EventDate "2003.06.07"]

1. e4 e6 2. d3 c5 3. g3 Nc6 4. Bg2 g6 5. f4 Bg7 6. Nf3 Nge7 7. O-O O-O 8. c3 d5
9. Qc2 b6 10. Nh4 Bf6 11. Nf3 Bg7 12. Nbd2 Ba6 13. Rd1 dxe4 14. Nxe4 Rc8 15.
Be3 Qd7 16. Qa4 Nb8 17. Qxd7 Nxd7 18. d4 c4 19. Ne5 Nf5 20. Bf2 Rfd8 21. g4
Nxe5 22. dxe5 Ne7 23. Nd6 Rc7 24. Rd2 g5 25. fxg5 Bxe5 26. Nxc4 Rxd2 27. Nxd2
Bf4 28. Ne4 Kg7 29. Nf6 Kh8 30. Rd1 Rc8 31. Rd7 Bxg5 32. Bd4 e5 33. Bxe5 Ng6
34. Rxf7 1-0

[Event "DEM U14 2003"]
[Site "Willingen GER"]
[Date "2003.06.08"]
[Round "1"]
[White "Dinger, Florian"]
[Black "Plenca, Julijan"]
[Result "1-0"]
[Termination "normal"]
[Board "7"]
[WhiteElo "1746"]
[BlackElo "2066"]
[PlyCount "96"]
[WhiteFideId "24605573"]
[BlackFideId "14508044"]
[EventCountry "GER"]
[EventRounds "9"]
[EventType "swiss"]
[EventDate "2003.06.07"]

1. e4 e6 2. d4 d5 3. exd5 exd5 4. Bd3 Bd6 5. Nf3 c6 6. c3 Ne7 7. O-O O-O 8. Bg5
Bg4 9. Nbd2 f6 10. Bh4 Bf4 11. Qc2 g6 12. Bg3 Bh6 13. h3 Bf5 14. Rfe1 Na6 15.
Nb3 Qd7 16. Nh4 Bxd3 17. Qxd3 Rae8 18. Re2 g5 19. Rxe7 Rxe7 20. Nf5 Bg7 21.
Nxe7+ Qxe7 22. f3 Re8 23. Re1 Qd7 24. Kf1 Rxe1+ 25. Kxe1 Qe6+ 26. Kf1 f5 27.
Na5 Qd7 28. Qe2 c5 29. Nxb7 Qxb7 30. Qe8+ Bf8 31. Qe6+ Qf7 32. Qxa6 cxd4 33.
cxd4 f4 34. Be1 h5 35. Qd3 Bg7 36. a3 Qe6 37. Bc3 g4 38. Qe2 Qf5 39. fxg4 Qb1+
40. Kf2 Bf6 41. gxh5 Kf7 42. Qg4 Qc1 43. Qg6+ Ke7 44. Bb4+ Ke6 45. Qe8+ Kf5 46.
Qd7+ Ke4 47. Qe6+ Kd3 48. Qf5+ Kc4 1-0

[Event "DEM U14 2003"]
[Site "Willingen GER"]
[Date "2003.06.08"]
[Round "1"]
[White "Becker, Erik"]
[Black "Wagner, Florian"]
[Result "0-1"]
[Termination "normal"]
[Board "8"]
[WhiteElo "2049"]
[BlackElo "1742"]
[PlyCount "64"]
[WhiteFideId "4696921"]
[BlackFideId "4698118"]
[EventCountry "GER"]
[EventRounds "9"]
[EventType "swiss"]
[EventDate "2003.06.07"]

1. e4 c5 2. Nf3 Nc6 3. d4 cxd4 4. Nxd4 Nf6 5. Nc3 e5 6. Ndb5 d6 7. Bg5 a6 8.
Na3 b5 9. Bxf6 gxf6 10. Nd5 f5 11. Bd3 Be6 12. Qh5 Rg8 13. g3 Rg5 14. Qd1 Bh6
15. c3 Bxd5 16. exd5 Ne7 17. O-O Ng6 18. Re1 Kf8 19. Bf1 Qb6 20. Bg2 f4 21. Kf1
fxg3 22. hxg3 f5 23. Qf3 Kg8 24. Qe3 Qc7 25. Nc2 f4 26. Qd3 Rf8 27. Kg1 Qb6 28.
g4 Rxg4 29. Qh3 Rh4 30. Qe6+ Kh8 31. Be4 Qd8 32. Bf3 Rf6 0-1

[Event "DEM U14 2003"]
[Site "Willingen GER"]
[Date "2003.06.08"]
[Round "1"]
[White "Rietze, Clemens"]
[Black "Rehberg, Raphael"]
[Result "0-1"]
[Termination "normal"]
[Board "9"]
[WhiteElo "1716"]
[BlackElo "2046"]
[PlyCount "156"]
[WhiteFideId "24620351"]
[BlackFideId "4686799"]
[EventCountry "GER"]
[EventRounds "9"]
[EventType "swiss"]
[EventDate "2003.06.07"]

1. e4 d5 2. exd5 Qxd5 3. Nc3 Qa5 4. d4 Nf6 5. Bc4 Bf5 6. Nf3 c6 7. O-O e6 8.
Re1 Be7 9. Bf4 O-O 10. Qe2 Bb4 11. Bd2 Nbd7 12. a3 Bxc3 13. Bxc3 Qc7 14. Ne5
Nd5 15. Bxd5 cxd5 16. Nxd7 Qxd7 17. Rac1 Rfc8 18. Bb4 b6 19. Qd1 Qb5 20. Re3 a5
21. Bc3 Rc7 22. g4 Bg6 23. h4 h6 24. h5 Be4 25. g5 hxg5 26. Qg4 Qd7 27. Qxg5 f6
28. Qh4 Kf7 29. f3 Bf5 30. Kf2 b5 31. f4 Rac8 32. Re2 Rc4 33. Bxa5 Rxd4 34. Bc3
Rdc4 35. Rg1 Qa7+ 36. Kf1 e5 37. Bxe5 fxe5 38. Rxe5 Bh3+ 39. Qxh3 Rxf4+ 40. Kg2
Qf2+ 41. Kh1 Rh4 42. Rf5+ Qxf5 43. Qxh4 Qf3+ 44. Rg2 Rxc2 45. Qg4 Qxg4 46. Rxg4
Rxb2 47. Rd4 Ke6 48. Rg4 Rb3 49. Rxg7 Rh3+ 50. Kg2 Rxh5 51. Rb7 d4 52. Kf2 Kd6
53. Ke2 Kc6 54. Rb8 Rh3 55. Rd8 Kc5 56. Ra8 Kc4 57. Kd2 Rh2+ 58. Kd1 Kc3 59.
Rc8+ Kd3 60. Kc1 Rh5 61. Rg8 Rf5 62. Rg3+ Ke2 63. Rg2+ Ke3 64. Rg3+ Ke4 65.
Rg4+ Kd5 66. Rg8 Kc4 67. Kc2 Rf2+ 68. Kc1 Kc3 69. Rc8+ Kd3 70. Rb8 Rf1+ 71. Kb2
Kd2 72. Rxb5 d3 73. Re5 Kd1 74. a4 Rf2+ 75. Kb1 Re2 76. Rh5 Re4 77. Rh1+ Kd2
78. a5 Re1+ 0-1

[Event "DEM U14 2003"]
[Site "Willingen GER"]
[Date "2003.06.08"]
[Round "1"]
[White "Schneider, David"]
[Black "Kölsch, Maximilian"]
[Result "1-0"]
[Termination "normal"]
[Board "10"]
[WhiteElo "2030"]
[BlackElo "1688"]
[PlyCount "53"]
[WhiteFideId "4697111"]
[BlackFideId "24618462"]
[EventCountry "GER"]
[EventRounds "9"]
[EventType "swiss"]
[EventDate "2003.06.07"]

1. e4 e5 2. Nf3 Nc6 3. Bb5 Nd4 4. Bc4 Nxf3+ 5. Qxf3 Nf6 6. Qb3 d5 7. exd5 Bd6
8. Nc3 Bf5 9. d3 O-O 10. Bg5 h6 11. Bh4 g5 12. Bg3 Nh5 13. Ne4 Bg6 14. f3 Nf4
15. Bxf4 exf4 16. O-O-O Bxe4 17. dxe4 Rb8 18. Qd3 Qf6 19. h4 b5 20. Bb3 a5 21.
hxg5 hxg5 22. e5 Qg7 23. exd6 cxd6 24. c3 a4 25. Bc2 b4 26. Rh7 Qe5 27. Rh5 1-0

[Event "DEM U14 2003"]
[Site "Willingen GER"]
[Date "2003.06.08"]
[Round "1"]
[White "Schmidt, Armin"]
[Black "Bogner, Sebastian"]
[Result "1/2-1/2"]
[Termination "normal"]
[Board "11"]
[WhiteElo "1668"]
[BlackElo "1996"]
[PlyCount "143"]
[WhiteFideId "24610160"]
[BlackFideId "4692055"]
[EventCountry "GER"]
[EventRounds "9"]
[EventType "swiss"]
[EventDate "2003.06.07"]

1. e4 c5 2. Nc3 Nc6 3. f4 g6 4. Nf3 Bg7 5. Bb5 Nd4 6. a4 a6 7. Bc4 e6 8. O-O
Ne7 9. e5 d5 10. exd6 Qxd6 11. d3 O-O 12. Ne4 Qc7 13. c3 Ndf5 14. Qe2 b6 15.
Qf2 Nd6 16. Nxd6 Qxd6 17. Be3 Nf5 18. a5 Nxe3 19. Qxe3 b5 20. Bb3 Bb7 21. d4
cxd4 22. Nxd4 Bxd4 23. Qxd4 Qxd4+ 24. cxd4 Rfd8 25. Rfd1 Rd7 26. Rd2 Rad8 27.
Rad1 Bd5 28. Bc2 Rc8 29. Kf2 Rc4 30. b3 Rc3 31. Rb1 Rdc7 32. Rb2 Kf8 33. Bd1
Ke7 34. b4 Kd6 35. Rbc2 Be4 36. Rxc3 Rxc3 37. g3 Kd5 38. Be2 Rb3 39. Rd1 Rxb4
40. Rc1 Ra4 41. Rc7 Kxd4 42. Rxf7 h5 43. Ra7 Rxa5 44. g4 hxg4 45. Bxg4 Bf5 46.
Bxf5 gxf5 47. h4 b4 48. h5 Rb5 49. h6 Rb8 50. h7 Rh8 51. Rxa6 b3 52. Rxe6 b2
53. Rb6 Rxh7 54. Kf3 Rh2 55. Kg3 Rc2 56. Kh4 Rg2 57. Kh3 Rd2 58. Kh4 Kc3 59.
Kg5 Rd5 60. Kf6 Rc5 61. Ke6 Kc2 62. Kd6 Rc4 63. Ke5 b1=Q 64. Rxb1 Kxb1 65. Kxf5
Kc2 66. Ke5 Kd3 67. f5 Re4+ 68. Kd6 Kd4 69. f6 Rf4 70. Ke7 Ke5 71. f7 Rxf7+ 72.
Kxf7 1/2-1/2

[Event "DEM U14 2003"]
[Site "Willingen GER"]
[Date "2003.06.08"]
[Round "1"]
[White "Abel, Dennes"]
[Black "Forchmann, Georg"]
[Result "1-0"]
[Termination "normal"]
[Board "12"]
[WhiteElo "1915"]
[BlackElo "1637"]
[PlyCount "45"]
[WhiteFideId "24605417"]
[EventCountry "GER"]
[EventRounds "9"]
[EventType "swiss"]
[EventDate "2003.06.07"]

1. d4 Nf6 2. c4 g6 3. Nc3 Bg7 4. e4 d6 5. Nf3 O-O 6. Be2 e5 7. O-O Nc6 8. d5
Ne7 9. b4 Ne8 10. c5 f5 11. Ng5 Rf6 12. Bc4 h6 13. Ne6 Bxe6 14. dxe6 dxc5 15.
bxc5 c6 16. Qd7 Nc7 17. Rd1 Rf8 18. Rb1 b5 19. cxb6 axb6 20. Rxb6 fxe4 21. Rxc6
Ncd5 22. Bxd5 Kh8 23. Rc7 1-0

[Event "DEM U14 2003"]
[Site "Willingen GER"]
[Date "2003.06.08"]
[Round "1"]
[White "Cara, Bogdan"]
[Black "Cammann, Tim"]
[Result "1-0"]
[Termination "normal"]
[Board "14"]
[WhiteElo "1830"]
[BlackElo "1401"]
[PlyCount "61"]
[EventCountry "GER"]
[EventRounds "9"]
[EventType "swiss"]
[EventDate "2003.06.07"]

1. e4 Nf6 2. e5 Nd5 3. d4 d6 4. c4 Nb6 5. f4 Bf5 6. Nc3 dxe5 7. fxe5 Nc6 8. Nf3
e6 9. Be3 Qd7 10. Be2 O-O-O 11. Qd2 Kb8 12. O-O Na5 13. b3 Bb4 14. Qb2 f6 15.
a3 Be7 16. Rac1 g5 17. Rfd1 g4 18. Nh4 h5 19. Nxf5 exf5 20. c5 Nd5 21. Nxd5
Qxd5 22. b4 Nc6 23. Bc4 Qe4 24. Re1 f4 25. Bf2 Qf5 26. Qc3 fxe5 27. d5 Nd4 28.
Rxe5 Qxe5 29. Bxd4 Qe4 30. Bxh8 f3 31. Bd4 1-0

[Event "DEM U14 2003"]
[Site "Willingen GER"]
[Date "2003.06.08"]
[Round "2"]
[White "Brener, Ilja"]
[Black "Schneider, David"]
[Result "1-0"]
[Termination "normal"]
[Board "1"]
[WhiteElo "2168"]
[BlackElo "2030"]
[PlyCount "167"]
[WhiteFideId "4688201"]
[BlackFideId "4697111"]
[EventCountry "GER"]
[EventRounds "9"]
[EventType "swiss"]
[EventDate "2003.06.07"]

1. d4 d5 2. c4 e6 3. Nc3 Be7 4. cxd5 exd5 5. Bf4 c6 6. Qc2 Nf6 7. e3 Nbd7 8.
Bd3 Nf8 9. Nf3 Ne6 10. Be5 h6 11. O-O O-O 12. Bg3 c5 13. dxc5 Nxc5 14. Be2 Nce4
15. Rfd1 Be6 16. Nb5 Qb6 17. Nbd4 Bc5 18. Qb3 Rac8 19. Qxb6 Bxb6 20. Rac1 Rc5
21. Nb3 Rxc1 22. Rxc1 Nxg3 23. hxg3 Ne4 24. Nfd4 Rc8 25. Rxc8+ Bxc8 26. a4 Bd7
27. a5 Bc7 28. Nb5 Be5 29. N5d4 Ba4 30. Nc1 Nd2 31. b4 Kf8 32. Bg4 Ne4 33. Nd3
Bd6 34. Nf5 Bc7 35. Nb2 Bb3 36. Nd4 Bc4 37. Bf3 Ng5 38. Bd1 Bd6 39. b5 Bb4 40.
Nxc4 dxc4 41. a6 bxa6 42. bxa6 Ne4 43. Nb5 Nc5 44. Nxa7 Nxa6 45. Kf1 Nc5 46.
Nc6 Ba3 47. Ke2 Bb2 48. f3 Ke8 49. Kd2 Kd7 50. Nd4 Na6 51. Be2 c3+ 52. Kc2 Nb4+
53. Kb3 Nd5 54. Nc2 Kd6 55. Bc4 f5 56. Bxd5 Kxd5 57. Nb4+ Ke6 58. Na2 Ke5 59.
Nxc3 Bc1 60. Nd1 g5 61. Kc2 Ba3 62. Kd3 Bd6 63. Nb2 Ke6 64. g4 fxg4 65. fxg4
Kf6 66. Ke4 Bc5 67. Nc4 Ba7 68. Kd5 Kg6 69. Ne5+ Kf6 70. e4 Be3 71. Nf3 Kg6 72.
e5 Bc1 73. e6 Ba3 74. Ne5+ Kf6 75. Nc6 Bf8 76. Nb8 Ba3 77. Nd7+ Ke7 78. Ke5
Bd6+ 79. Kf5 Bf4 80. Ne5 Bc1 81. Ng6+ Kd6 82. e7 Kd7 83. Kf6 Ba3 84. Kf7 1-0

[Event "DEM U14 2003"]
[Site "Willingen GER"]
[Date "2003.06.08"]
[Round "2"]
[White "Rehberg, Raphael"]
[Black "Lieder, Konrad"]
[Result "1/2-1/2"]
[Termination "normal"]
[Board "2"]
[WhiteElo "2046"]
[BlackElo "2123"]
[PlyCount "44"]
[WhiteFideId "4686799"]
[BlackFideId "4692721"]
[EventCountry "GER"]
[EventRounds "9"]
[EventType "swiss"]
[EventDate "2003.06.07"]

1. e4 Nf6 2. e5 Nd5 3. d4 d6 4. c4 Nb6 5. exd6 cxd6 6. Nc3 g6 7. Nf3 Bg7 8. Be2
O-O 9. O-O Nc6 10. Be3 Bg4 11. b3 Rc8 12. h3 Bxf3 13. Bxf3 e5 14. dxe5 dxe5 15.
Qxd8 Rfxd8 16. Rad1 f5 17. Bxc6 bxc6 18. Bc5 Bf8 19. Bxf8 Kxf8 20. Rfe1 Rxd1
21. Rxd1 Ke7 22. Kf1 Rd8 1/2-1/2